000
00281nam a2200121Ia 4500
008
190216s9999||||xx |||||||||||||| ||und||
100
_a
George Kurrian & Prakh B S
245
0
_a
Economic Geography
260
_b
Null
_c
1969
300
_a
208p
650
_a
Economics
942
_c
BK
999
_c
9168
_d
9168